000 00696nam a2200217Ia 4500
008 220204s9999 xx 000 0 und d
082 _aNR:063RT`2002'
_bIRI
245 0 _aProceedings of the International Conference and exhibition on rubber and allied materials, Asia. Rubber Tech Expo 2002
260 _aNew Delhi
_bIRI&IRMRA
_c2002
650 _aEcofriendly material
650 _aFootwear technology
650 _aIndian rubber industry
650 _aNR blends
650 _aSeisimic isolation
650 _aSilica filled NR
650 _aSilica reinforcement
650 _aTyre technology
650 _aWaste rubber utilization
650 _aWaste tyre utilization
942 _cBK
999 _c44043
_d44043